Legislatívna úprava komunálnych volieb vo vybraných krajinách

Komparácia súčasného systému priamej voľby starostov na Slovensku so systémom nepriamej voľby v Čechách. Porovnanie systému komunálnych volieb vo vybraných európskych krajinách z legislatívneho hľadiska.

Uložené v:
Podrobná bibliografia
Hlavný autor: Neupauerová, Zuzana
Médium: Kapitola
Jazyk:Slovak
Predmet:
Tagy: Pridať tag
Žiadne tagy, Buďte prvý, kto otaguje tento záznam!

MARC

LEADER 00000nla a2200000 4500
001 0168320
005 20240502072930.9
041 0 |a slo 
044 |a SK 
245 1 0 |a Legislatívna úprava komunálnych volieb vo vybraných krajinách  |c Zuzana Neupauerová 
520 |a Komparácia súčasného systému priamej voľby starostov na Slovensku so systémom nepriamej voľby v Čechách. Porovnanie systému komunálnych volieb vo vybraných európskych krajinách z legislatívneho hľadiska. 
610 2 0 |a Slovensko 
610 2 0 |a Česko 
610 2 0 |a politika komunálna 
610 2 0 |a kampane volebné 
610 2 0 |a voľby 
610 2 0 |a starostovia 
610 2 0 |a výsledky volebné 
610 2 0 |a porovnanie medzinárodné 
610 2 0 |a legislatíva 
100 1 |a Neupauerová, Zuzana